000 00590nam a22001577a 4500
003 macl
005 20201003154353.0
008 201003b xxu||||| |||| 00| 0 eng d
040 _cmacl
082 _a001
100 _aमुकेश महेश्‍वरी
_979935
245 _aनया सिलेैबस नया पैटर्न मध्‍य प्रदेश सामान्‍य ज्ञान 2021
260 _aइन्‍द्रौर
_bगुरूकुल
_c२०२१
650 _a सामान्‍य ज्ञान
_9328
942 _2ddc
_cHIN
999 _c63474
_d63474